Welcome to the Holygrace Academy Library

Please use search bar below to get started

CBSE SOCIAL SCIENCE-9 - EXAM POINT (Record no. 8910)

MARC details
000 -LEADER
fixed length control field 00361nam a22001337a 4500
082 ## - DEWEY DECIMAL CLASSIFICATION NUMBER
Classification number 300
Item number JOS/C
100 ## - MAIN ENTRY--AUTHOR NAME
Personal name JOSE, ANNMARY
245 ## - TITLE STATEMENT
Title CBSE SOCIAL SCIENCE-9 - EXAM POINT
246 ## - VARYING FORM OF TITLE
Title proper/short title CBSE SOCIAL SCIENCE- 9 - EXAM POINT
Remainder of title CBSE SOCIAL SCIENCE - 9 - EXAM POINT
260 ## - PUBLICATION, DISTRIBUTION, ETC. (IMPRINT)
Place of publication INDIA
Name of publisher MAXIMUM
Year of publication 2024
300 ## - PHYSICAL DESCRIPTION
Number of Pages 474
650 ## - SUBJECT ADDED ENTRY--TOPICAL TERM
Topical Term SOCIAL REFERENCE
942 ## - ADDED ENTRY ELEMENTS (KOHA)
Koha item type Books
Holdings
Withdrawn status Lost status Collection code Home library Current library Date acquired Source of acquisition Cost, normal purchase price Full call number Accession Number Koha item type
    Reference Main Library Main Library 07/07/2024 PURCHASED 500.00 300 JOS/C 13679 Books